Statistics for Biology organisms responses

Click here to take the quiz!

General Stats

  • This quiz has been taken 7 times
  • The average score is 9 of 16

Answer Stats

HintAnswer% Correct
Used to detect a (above answer)Receptor
100%
Detectable change in the internal or external environmentStimulus
100%
A non directional response, where (number 1s) detection leads to change in speed and rate at which the organism changes direction.Kinesis
67%
Three types of neuroneMotor sensory relay
67%
Sensor used to detect pressurePacinian corpuscle
67%
What special type of sodium channel is used in the above sensorStretch-mediated
67%
A simple directional response (to number 1)Taxis
67%
Growth factor of part of a plant in response to a directional stimulus.Tropism
67%
Where chemoreceptors can be foundCarotid sinus aortic arch
33%
What does IAA stand for?Indoleacetic acid
33%
Pigment in concert cellsIodopsin
33%
Region of the brain that controls heart rateMedulla oblongata
33%
Pigment in rod cellsRhodopsin
33%
Point that initiates contraction of cardiac muscleSA node
33%
Two sections of the autonomic nervous systemSympathetic parasympathetic
33%
Motor nervous system is split intoVoluntary autonomic
33%

Score Distribution

Percentile by Number Answered

Percent of People with Each Score

Your Score History

You have not taken this quiz